| 000 | 00544nam a22001937a 4500 | ||
|---|---|---|---|
| 005 | 20251108171145.0 | ||
| 008 | 250721s1994 xx 000 0 ara d | ||
| 082 | 1 | 4 | _aط/907.2/مور |
| 100 | 1 | _aشربل، موريس | |
| 245 | 1 | 0 | _aالتاريخ / |
| 264 | 1 |
_aبيروت : _bجروس، _c1994. |
|
| 300 | _a168ص. | ||
| 490 | 0 | _aسلسلة المعلومات العامة | |
| 650 | 1 | 7 | _aالتاريخ |
| 650 | 1 | 7 | _aعلم التاريخ |
| 653 | _aناشئون صغار ( 10 - 14 سنة ) | ||
| 942 |
_2ddc _cBK |
||
| 999 |
_c58040 _d58040 |
||